South Eastern Kenya University

Library Online Public Access Catalogue


ABC of poultry raising : (Record no. 11066)

MARC details
000 -LEADER
fixed length control field 00810cam a2200277 i 4500
001 - CONTROL NUMBER
control field 4597661
003 - CONTROL NUMBER IDENTIFIER
control field OSt
005 - DATE AND TIME OF LATEST TRANSACTION
control field 20160217153206.0
008 - FIXED-LENGTH DATA ELEMENTS--GENERAL INFORMATION
fixed length control field 780109s1977 nyua 001 0 eng
010 ## - LIBRARY OF CONGRESS CONTROL NUMBER
LC control number 76015692
020 ## - INTERNATIONAL STANDARD BOOK NUMBER
International Standard Book Number 0486232018 :
Terms of availability $3.50 ($4.00 Canada)
040 ## - CATALOGING SOURCE
Original cataloging agency DLC
Transcribing agency DLC
Modifying agency DLC
043 ## - GEOGRAPHIC AREA CODE
Geographic area code n-us---
050 00 - LIBRARY OF CONGRESS CALL NUMBER
Classification number SF487
Item number .F56 1977
082 00 - DEWEY DECIMAL CLASSIFICATION NUMBER
Classification number 636.5/08
100 1# - MAIN ENTRY--PERSONAL NAME
Personal name Florea, J. H.
245 10 - TITLE STATEMENT
Title ABC of poultry raising :
Remainder of title a complete guide for the beginner or expert /
Statement of responsibility, etc. by J. H. Florea.
250 ## - EDITION STATEMENT
Edition statement 2d rev. ed.
260 ## - PUBLICATION, DISTRIBUTION, ETC. (IMPRINT)
Place of publication, distribution, etc. New York :
Name of publisher, distributor, etc. Dover Publications,
Date of publication, distribution, etc. 1977.
300 ## - PHYSICAL DESCRIPTION
Extent vi, 142 p. :
Other physical details ill. ;
Dimensions 22 cm.
500 ## - GENERAL NOTE
General note Includes index.
650 #0 - SUBJECT ADDED ENTRY--TOPICAL TERM
Topical term or geographic name as entry element Chickens.
650 #0 - SUBJECT ADDED ENTRY--TOPICAL TERM
Topical term or geographic name as entry element Chickens
Geographic subdivision United States.
906 ## - LOCAL DATA ELEMENT F, LDF (RLIN)
a 7
b cbc
c orignew
d 2
e ocip
f 19
g y-gencatlg
942 ## - ADDED ENTRY ELEMENTS (KOHA)
Source of classification or shelving scheme Library of Congress Classification
Koha item type General circulation
Holdings
Withdrawn status Lost status Source of classification or shelving scheme Damaged status Not for loan Home library Current library Shelving location Date acquired Source of acquisition Total Checkouts Full call number Barcode Date last seen Price effective from Koha item type Public note
    Library of Congress Classification     Wote Campus Library Wote Campus Library General Stacks 17/02/2016 donation- books for Africa   SF487 .F56 1977 2016/011334 17/02/2016 17/02/2016 General circulation GM
Kitui, Kenya.
+254736116989
library@seku.ac.ke